Normal view
MARC view
Entry Topical Term
001 - CONTROL NUMBER
- control field: 13993
003 - CONTROL NUMBER IDENTIFIER
- control field: ARRUPE
005 - DATE AND TIME OF LATEST TRANSACTION
- control field: 20150114181008.0
008 - FIXED-LENGTH DATA ELEMENTS
- fixed length control field: 150114|| aca||aabn | a|a d
040 ## - CATALOGING SOURCE
- Original cataloging agency: ARRUPE
- Transcribing agency: ARRUPE
150 ## - HEADING--TOPICAL TERM
- Topical term or geographic name as entry element: Church of Central Africa
- General subdivision: Presbyterian
- General subdivision: History
- Geographic subdivision: Blantyre
670 ## - SOURCE DATA FOUND
- Source citation: Work cat.: (ARRUPE)0: Hetherwick, Alexander, 1860-1939. 13992, The building of the Blantyre Church, Nyasaland, 1888-1891 :, 1962.